<?xml version="1.0" encoding="UTF-8"?><OAI-PMH xmlns="http://www.openarchives.org/OAI/2.0/" xmlns:xsi="http://www.w3.org/2001/XMLSchema-instance"     xsi:schemaLocation="http://www.openarchives.org/OAI/2.0/ http://www.openarchives.org/OAI/2.0/OAI-PMH.xsd"><responseDate>2026-05-16T10:53:00Z</responseDate><request verb="GetRecord" identifier="oai:regmurcia.com:fintegr.1669" metadataPrefix="marc21">http://oai.regmurcia.com/oai2/oai2.php</request><GetRecord><record><header><identifier>oai:regmurcia.com:fintegr.1669</identifier><datestamp>2026-05-16</datestamp><setSpec>documentos</setSpec></header><metadata><record  xmlns="http://www.loc.gov/MARC21/slim" xmlns:xsi="http://www.w3.org/2001/XMLSchema-instance" xsi:schemaLocation="http://www.loc.gov/MARC21/slim http://www.loc.gov/standards/marcxml/schema/MARC21slim.xsd" type="Bibliographic"><leader>00000nam a2200000   4500</leader><controlfield tag="001" >005073486</controlfield><controlfield tag="003" >1669</controlfield><controlfield tag="004" >A00000000</controlfield><datafield tag="245" ind1=" " ind2=" "><subfield code="a">Carta del corredor de la fruta al concejo de Murcia, quejándose de la actuación de Pascual Sarrieto, anterior arrendador de esa correduría.</subfield></datafield><datafield tag="300" ind1=" " ind2=" "><subfield code="c">235 x 218 mm.</subfield></datafield><datafield tag="351" ind1=" " ind2=" "><subfield code="a">Unidad Documental simple</subfield><subfield code="c">Archivo de Murcia. Array</subfield><subfield code="a">Unidad Documental simple</subfield><subfield code="c">Archivo de Murcia. Array</subfield></datafield><datafield tag="351" ind1=" " ind2=" "><subfield code="b">Nº 38</subfield></datafield><datafield tag="506" ind1=" " ind2=" "><subfield code="a">Acceso restringido</subfield></datafield><datafield tag="520" ind1=" " ind2=" "><subfield code="a">El arrendador de la correduría de la fruta se dirige al concejo de Murcia para quejarse de la actuación de Pascual Sarrieto, anterior arrendador de esa correduría, que sigue usando dicho oficio sin tener derecho a ello, escudándose en que no existen ordenanzas concretas al respecto. Solicita al concejo ponga fin a esta situación para que pueda desarrollar su trabajo sin intromisiones de este tipo.</subfield></datafield><datafield tag="583" ind1=" " ind2=" "><subfield code="u">http://www.regmurcia.com/servlet/s.Sl?METHOD=VERDOCUMENTO&amp;sit=serv,Carmesi&amp;n=/01/1488/indice.djvu</subfield></datafield><datafield tag="592" ind1=" " ind2=" "><subfield code="a">1490-01-09</subfield></datafield><datafield tag="592" ind1=" " ind2=" "><subfield code="d">1490-01-09 00:00:00</subfield></datafield><datafield tag="651" ind1=" " ind2=" "><subfield code="a">Murcia</subfield></datafield><datafield tag="786" ind1=" " ind2=" "><subfield code="o">http://www.regmurcia.com/servlet/s.Sl?METHOD=VERDOCUMENTO&amp;sit=serv,Carmesi&amp;n=/01/1488/indice.djvu</subfield></datafield><datafield tag="856" ind1=" " ind2=" "><subfield code="u">http://www.regmurcia.com/servlet/s.Sl?METHOD=DETALLE&amp;sit=c,373,m,139,serv,Carmesi&amp;id=1669</subfield></datafield></record></metadata></record></GetRecord></OAI-PMH>
